College Football Matchups: Texas A&M - Statistics

General Stats
  • This quiz has been taken 220 times
    39 since last reset
  • The average score is 13 of 16
Answer Stats
Games Opponent Subdivision % Correct
120 Texas Power 4
100%
70 Texas Tech Power 4
94%
64 LSU Power 4
91%
31 Oklahoma Power 4
91%
16 Alabama Power 4
89%
82 Arkansas Power 4
89%
108 Baylor Power 4
89%
18 Missouri Power 4
86%
92 TCU Power 4
86%
81 SMU Power 4
80%
34 Houston Power 4
77%
16 Auburn Power 4
71%
19 Mississippi State Power 4
71%
29 Oklahoma State Power 4
71%
16 Kansas State Power 4
66%
82 Rice Group of 5
66%
No matching quizzes found
Score Distribution
Percent of People with Each Score
Percentile by Number Answered
Your Score History
You have not taken this quiz since the last reset